American Countries That Have Won Majors in Tennis - Statistics

General Stats
  • This quiz has been taken 44 times
  • The average score is 4 of 5
Answer Stats
# Country % Correct
7 Argentina
98%
1 Canada
98%
142 United States
98%
3 Brazil
95%
1 Ecuador
48%
No matching quizzes found
Score Distribution
Percent of People with Each Score
Percentile by Number Answered
Your Score History
You have not taken this quiz